00379 2200157 4500001002100000005001500021035002000036245005000056100001400106300001200120260004300132082000800175084001400183990001200197990001200209INLIS00000000000209620250527100142 a0010-05250003881 aPanduan Latihan Sepak Bola Andal /cTom Fleck0 aTom Fleck a138 hlm aJakarta :bSunda Kelapa Pustaka,c2002 a700 a700 TOM p a0712992 a0712993